Dòng thơi gian tuyển tập những ca khúc nổi tiếng T.1
Đã lưu trong:
| Príomhúdar: | |
|---|---|
| Formáid: | Leabhar |
| Foilsithe: |
Tp. Hồ Chí Minh
Sài gòn giải phóng
1996
|
| Clibeanna: |
Cuir Clib Leis
Gan Chlibeanna, Bí ar an gcéad duine leis an taifead seo a chlibeáil!
|
| Thư viện lưu trữ: | Trung tâm Học liệu Lê Vũ Hùng, Trường Đại học Đồng Tháp |
|---|
| LEADER | 00627pam a22001818a 4500 | ||
|---|---|---|---|
| 001 | 00038421 | ||
| 005 | 20171026081023.0 | ||
| 008 | 170516s1996 ||||||Viesd | ||
| 041 | 0 | # | |a Vie |
| 082 | 1 | 4 | |a 782.42 |b D431TH |
| 100 | 1 | # | |a Trương, Quang Lục |
| 245 | 1 | 0 | |a Dòng thơi gian |b tuyển tập những ca khúc nổi tiếng |c Trương Quang Lục |n T.1 |
| 260 | # | # | |a Tp. Hồ Chí Minh |b Sài gòn giải phóng |c 1996 |
| 300 | # | # | |a 126tr. |c 27cm |
| 852 | # | # | |b Kho đọc |j KD.1000893 |
| 910 | |d 16/05/2017 | ||
| 980 | # | # | |a Trung tâm Học liệu Lê Vũ Hùng, Trường Đại học Đồng Tháp |